[Event "Cologne Longerich op-B 12th"]
[Site "Cologne"]
[Date "2013.07.20"]
[Round "2"]
[White "Hiendl, David"]
[Black "Herrmann, Andreas"]
[Result "1/2-1/2"]
[WhiteElo "1603"]
[BlackElo "1669"]
[PlyCount "22"]
[EventDate "2013.07.19"]
[EventType "tourn"]
[EventRounds "5"]
[EventCountry "GER"]
[SourceTitle "EXT 2017"]
[Source "ChessBase"]
[SourceDate "2016.10.25"]
[SourceVersion "1"]
[SourceVersionDate "2016.10.25"]
[SourceQuality "1"]

1. e4 c6 2. d4 d5 3. Nc3 dxe4 4. Nxe4 Bf5 5. Ng3 Bg6 6. Nf3 Nd7 7. Bd3 Bxd3 8. Qxd3 e6 9. 0-0 Ngf6 10. Re1 Bd6 11. Ne5 0-0 1/2-1/2

[Event "Troisdorf op"]
[Site "Troisdorf"]
[Date "2012.11.20"]
[Round "5"]
[White "Memmesheimer, Thomas"]
[Black "Hiendl, David"]
[Result "1/2-1/2"]
[WhiteElo "1772"]
[BlackElo "1475"]
[PlyCount "79"]
[EventDate "2012.10.23"]
[EventType "swiss"]
[EventRounds "7"]
[EventCountry "GER"]
[SourceTitle "EXT 2014"]
[Source "ChessBase"]
[SourceDate "2013.11.20"]
[SourceVersion "1"]
[SourceVersionDate "2013.11.20"]
[SourceQuality "1"]

1. d4 d5 2. Nf3 e6 3. Bf4 c5 4. e3 Nc6 5. Nbd2 cxd4 6. exd4 Bd6 7. Bxd6 Qxd6 8. c3 Nf6 9. Bd3 Bd7 10. Qe2 0-0 11. Ne5 Bc8 12. 0-0 Nd7 13. f4 Ndxe5 14. fxe5 Qc7 15. Qh5 h6 16. g4 Qe7 17. h4 f6 18. exf6 Rxf6 19. Rxf6 gxf6 20. Qxh6 Qg7 21. Qxg7+ Kxg7 22. Be2 e5 23. dxe5 Nxe5 24. g5 fxg5 25. hxg5 Kg6 26. Nf3 Nxf3+ 27. Bxf3 Be6 28. Re1 Kf5 29. Bg4+ Kxg4 30. Rxe6 Kxg5 31. Re5+ Kf6 32. Rxd5 Ke6 33. Rg5 Kf6 34. Rh5 Rg8+ 35. Kf2 Rg7 36. Kf3 Ke6 37. a4 Kd6 38. b4 Rc7 39. Rh6+ Kd5 40. Ke2 1/2-1/2

[Event "Troisdorf op"]
[Site "Troisdorf"]
[Date "2011.10.25"]
[Round "1"]
[White "Ziabari, Morteza"]
[Black "Hiendl, David"]
[Result "1-0"]
[WhiteElo "1785"]
[BlackElo "1463"]
[PlyCount "72"]
[EventDate "2011.10.25"]
[EventType "swiss"]
[EventRounds "7"]
[EventCountry "GER"]
[SourceTitle "EXT 2013"]
[Source "ChessBase"]
[SourceDate "2012.11.22"]
[SourceVersion "1"]
[SourceVersionDate "2012.11.22"]
[SourceQuality "1"]

1. e4 e6 2. d4 d5 3. e5 c5 4. c3 Nc6 5. Bd3 Nge7 6. Nf3 cxd4 7. cxd4 Qb6 8. 0-0 Bd7 9. Nc3 Nxd4 10. Nxd4 Qxd4 11. Re1 Nc6 12. Nb5 Qb6 13. Bf1 Bc5 14. Be3 Bxe3 15. Nd6+ Ke7 16. Rxe3 Nxe5 17. Nf5+ Kf6 18. Nxg7 Kxg7 19. Rxe5 Qxb2 20. Rg5+ Kf6 21. Rg3 b6 22. Qg4 Ke7 23. Qh4+ Kd6 24. Rd1 Rac8 25. Rf3 f5 26. a4 h6 27. Re1 a5 28. Qg3+ e5 29. Rb3 Qd4 30. Qg6+ Be6 31. Reb1 Rb8 32. Qg7 Rhg8 33. Qa7 Rgc8 34. Ba6 Ra8 35. Rxb6+ Rc6 36. Rxc6+ Kxc6 1-0